Advanced techniques in knowledge discovery and data mining (Record no. 6799)

000 -LEADER
fixed length control field 00550 a2200169 4500
020 ## - INTERNATIONAL STANDARD BOOK NUMBER
International Standard Book Number 1852338679
040 ## - CATALOGING SOURCE
Original cataloging agency DLC
Language of cataloging DLC
245 00 - TITLE STATEMENT
Title Advanced techniques in knowledge discovery and data mining
Statement of responsibility, etc. Nikhil R. Pal and Lakhmi Jain
260 ## - PUBLICATION, DISTRIBUTION, ETC.
Place of publication, distribution, etc. New York :
Name of publisher, distributor, etc. Springer-Verlag,
Date of publication, distribution, etc. 2005.
300 ## - PHYSICAL DESCRIPTION
Extent xii, 254 p. :
Other physical details ill. ;
Dimensions 25 cm.
440 #0 - SERIES STATEMENT/ADDED ENTRY--TITLE
Title Advanced information and knowledge processing.
650 #0 - SUBJECT ADDED ENTRY--TOPICAL TERM
Topical term or geographic name entry element Knowledge acquisition (Expert systems)
650 #0 - SUBJECT ADDED ENTRY--TOPICAL TERM
Topical term or geographic name entry element Data mining.
700 1# - ADDED ENTRY--PERSONAL NAME
Personal name Pal, Nikhil R.
700 1# - ADDED ENTRY--PERSONAL NAME
Personal name Jain, L. C.
942 ## - ADDED ENTRY ELEMENTS (KOHA)
Koha item type Book
Call number prefix 006.3 PAL
Source of classification or shelving scheme
Holdings
Withdrawn status Lost status Damaged status Not for loan Collection code Permanent Location Current Location Shelving location Date acquired Source of acquisition Cost, normal purchase price Total Checkouts Full call number Barcode Date last seen Price effective from Koha item type
          Central Library (CL) Central Library (CL) First Floor - Artificial Intelligence/Data Mining 03/24/2006 A&J DEF Tek Consultant 7577.81   006.3 PAL SEECS007157 11/14/2012 01/05/2017 Book
© 2023 Central Library, National University of Sciences and Technology. All Rights Reserved.